[Event "Bad Woerishofen op"]
[Site "?"]
[Date "2003.??.??"]
[Round "1"]
[White "Mueller, Wolfgang"]
[Black "Koenig, Christian"]
[Result "0-1"]
[WhiteElo "1574"]
[BlackElo "2139"]
[Annotator "ChessOrg"]
[PlyCount "76"]

1. e4 c5 2. Nf3 e6 3. d4 cxd4 4. Nxd4 a6 5. Be2 Nf6 6. Nd2 d6 7. O-O Be7 8. b3
Qc7 9. c4 b6 10. Bb2 Bb7 11. Bh5 O-O 12. Bf3 Nbd7 13. Ne2 Rfd8 14. Ng3 g6 15.
Rc1 Bf8 16. Re1 Rac8 17. Qe2 Bg7 18. h4 Bc6 19. h5 Nxh5 20. Bxg7 Nxg7 21. Ndf1
Ne5 22. Nh2 h5 23. Qe3 Qe7 24. Be2 b5 25. f4 Nd7 26. cxb5 axb5 27. Nf3 Nf6 28.
Nd4 Qa7 29. Bxb5 Bxb5 30. Rxc8 Rxc8 31. Nxb5 Qa5 32. Nxd6 Ng4 33. Nc4 Rxc4 34.
bxc4 Nxe3 35. Rxe3 Qxa2 36. c5 Qc4 37. Kh2 Qxc5 38. e5 Qxe3 0-1

[Event "Bad Woerishofen op"]
[Site "?"]
[Date "2003.??.??"]
[Round "1"]
[White "Maugg, Ludwig"]
[Black "Nepple, Rolf"]
[Result "1/2-1/2"]
[WhiteElo "2136"]
[BlackElo "1570"]
[Annotator "ChessOrg"]
[PlyCount "82"]

1. d4 d5 2. c4 e6 3. Nc3 Nf6 4. cxd5 exd5 5. Bg5 c6 6. e3 g6 7. Bd3 Bg7 8. Qc2
Be6 9. Nf3 Nbd7 10. O-O O-O 11. h3 Rc8 12. b4 a5 13. a3 axb4 14. axb4 Qb6 15.
Na4 Qc7 16. Bf4 Qd8 17. Nc5 Nxc5 18. bxc5 Nd7 19. Rfb1 Ra8 20. Rxa8 Qxa8 21.
Qb3 b5 22. cxb6 Qb7 23. Qb4 Rc8 24. Bd6 Bf8 25. Bc5 Rb8 26. Nd2 f6 27. e4 Kg7
28. Qc3 g5 29. Nf1 h5 30. Ne3 g4 31. hxg4 hxg4 32. exd5 cxd5 33. Nf5+ Kf7 34.
Bxf8 Kxf8 35. Qb4+ Kg8 36. Qe7 Bxf5 37. Bxf5 Nf8 38. Qxf6 Re8 39. Bxg4 Qh7 40.
Bf5 Qh5 41. b7 Rb8 1/2-1/2

[Event "Bad Woerishofen op"]
[Site "?"]
[Date "2003.??.??"]
[Round "1"]
[White "Duckstein, Torsten"]
[Black "Simonsen, Hans"]
[Result "0-1"]
[WhiteElo "1843"]
[BlackElo "2213"]
[Annotator "ChessOrg"]
[PlyCount "116"]

1. d4 d5 2. c4 c6 3. Nc3 Nf6 4. Nf3 e6 5. Bg5 h6 6. Bxf6 Qxf6 7. e3 Nd7 8. Qc2
Bd6 9. cxd5 exd5 10. Bd3 O-O 11. O-O Qd8 12. e4 dxe4 13. Nxe4 Bc7 14. h3 Nf6
15. Nc3 Be6 16. Bf5 Re8 17. Rfe1 Bxf5 18. Rxe8+ Qxe8 19. Qxf5 Rd8 20. Re1 Qf8
21. Ne4 Nxe4 22. Qxe4 Bb6 23. Qe7 Qxe7 24. Rxe7 Rb8 25. Rd7 Kf8 26. d5 cxd5 27.
Rxd5 Ke7 28. Rd2 Rc8 29. g4 Rc1+ 30. Kg2 Ra1 31. b3 Rc1 32. Ne5 Re1 33. Nc4 Re6
34. Nxb6 Rxb6 35. f4 Rc6 36. Re2+ Kd7 37. f5 Rc3 38. h4 a5 39. Rd2+ Ke7 40. g5
hxg5 41. hxg5 Rc5 42. Rf2 g6 43. Re2+ Kf8 44. Kg3 Rxf5 45. Kg4 Rd5 46. Kf4 b5
47. Rc2 Kg7 48. Kg4 Rd4+ 49. Kg3 Kf8 50. Rc5 Rb4 51. Rc7 a4 52. bxa4 bxa4 53.
Ra7 Rc4 54. Kf3 Rc3+ 55. Kf4 Ra3 56. Ke5 Rxa2 57. Ra8+ Kg7 58. Ra6 Rf2 0-1

[Event "Bad Woerishofen op"]
[Site "?"]
[Date "2003.??.??"]
[Round "1"]
[White "Damm, Fabian"]
[Black "Dahmen, Juergen"]
[Result "1-0"]
[WhiteElo "2130"]
[BlackElo "1560"]
[Annotator "ChessOrg"]
[PlyCount "51"]

1. e4 c5 2. Nf3 e6 3. d4 cxd4 4. Nxd4 a6 5. Be2 d6 6. O-O Nf6 7. Nc3 Be7 8. f4
Nbd7 9. Kh1 Qc7 10. g4 O-O 11. g5 Ne8 12. f5 e5 13. Nd5 Qd8 14. f6 Bxf6 15.
gxf6 Ndxf6 16. Nxf6+ Nxf6 17. Nf5 Nxe4 18. Bd3 Bxf5 19. Rxf5 Qh4 20. Qf3 Nc5
21. Bg5 Qd4 22. Rg1 Kh8 23. Bf6 gxf6 24. Rh5 e4 25. Rxh7+ Kxh7 26. Qh5# 1-0

[Event "Bad Woerishofen op"]
[Site "?"]
[Date "2003.??.??"]
[Round "1"]
[White "Klein, Thomas"]
[Black "Wiedermann, Franz"]
[Result "0-1"]
[WhiteElo "1547"]
[BlackElo "2130"]
[Annotator "ChessOrg"]
[PlyCount "50"]

1. e4 d5 2. exd5 Qxd5 3. Nc3 Qa5 4. d4 Nf6 5. Bd2 c6 6. Bd3 Qb6 7. Nf3 Qxb2 8.
O-O Qa3 9. Ne5 Qd6 10. Bc4 Be6 11. Bxe6 Qxe6 12. Re1 Qc8 13. Qf3 e6 14. Rab1
Nbd7 15. Bg5 Be7 16. Re3 O-O 17. Ne2 Nd5 18. Bxe7 Nxe7 19. c4 Nf5 20. Re4 Nf6
21. Rf4 g5 22. Rg4 Nxg4 23. Qxg4 f6 24. Nd3 Ng7 25. Nc5 b6 0-1

[Event "Bad Woerishofen op"]
[Site "?"]
[Date "2003.??.??"]
[Round "1"]
[White "Schmitt, Karl"]
[Black "Bintakies, Michael"]
[Result "0-1"]
[WhiteElo "1829"]
[BlackElo "2209"]
[Annotator "ChessOrg"]
[PlyCount "76"]

1. c4 c6 2. d4 d5 3. Nf3 e6 4. Qc2 f5 5. Bf4 Nf6 6. e3 Be7 7. Bd3 Ne4 8. h4 Nd7
9. Nc3 Ndf6 10. Ne5 Nxc3 11. Qxc3 Ne4 12. Bxe4 fxe4 13. h5 Bd7 14. c5 O-O 15.
Qc2 Rc8 16. Qe2 Bf6 17. Qg4 b6 18. b4 Qe8 19. Ke2 Ra8 20. Nxd7 Qxd7 21. Bd6 Rf7
22. f4 Be7 23. Bxe7 Qxe7 24. Kd2 a5 25. a3 b5 26. Kc3 Qf6 27. Qe2 Rfa7 28. Kb2
Qf7 29. Qg4 Ra6 30. h6 Qg6 31. Qxg6 hxg6 32. hxg7 Kxg7 33. g4 g5 34. Rhf1 axb4
35. axb4 Rxa1 36. Rxa1 Rxa1 37. Kxa1 gxf4 38. exf4 e3 0-1

[Event "Bad Woerishofen op"]
[Site "?"]
[Date "2003.??.??"]
[Round "1"]
[White "Gaissmaier, Thomas"]
[Black "Magar, Johannes"]
[Result "0-1"]
[WhiteElo "1538"]
[BlackElo "2124"]
[Annotator "ChessOrg"]
[PlyCount "80"]

1. d4 d5 2. c4 Nc6 3. Nc3 dxc4 4. d5 Ne5 5. e4 Nf6 6. f4 Nd3+ 7. Bxd3 cxd3 8.
Qxd3 e6 9. Qc4 exd5 10. Nxd5 Nxd5 11. Qxd5 Qxd5 12. exd5 Bf5 13. Be3 Be4 14.
Kf2 Bxd5 15. Ne2 Be7 16. Rhd1 c6 17. Nc3 Be6 18. Rd2 O-O 19. Rad1 b6 20. Kf3
Rfd8 21. g4 Rxd2 22. Rxd2 f5 23. g5 Rd8 24. Rd4 Rxd4 25. Bxd4 Kf7 26. Be5 b5
27. a3 Bb3 28. Ne2 Bd1 29. Ke3 Bxe2 30. Kxe2 g6 31. Kd3 Ke6 32. Bb8 Bc5 33. b4
Bg1 34. h3 Kd5 35. Bc7 Bd4 36. Bb8 c5 37. bxc5 Bxc5 38. h4 a6 39. a4 bxa4 40.
Be5 Bd6 0-1

[Event "Bad Woerishofen op"]
[Site "?"]
[Date "2003.??.??"]
[Round "1"]
[White "Schenk, Uwe"]
[Black "Dittler, Volkfried"]
[Result "1-0"]
[WhiteElo "2116"]
[BlackElo "1500"]
[Annotator "ChessOrg"]
[PlyCount "47"]

1. Nf3 Nf6 2. c4 e6 3. Nc3 Bb4 4. Qc2 O-O 5. a3 Bxc3 6. Qxc3 d5 7. e3 b6 8. b4
Nbd7 9. Bb2 Bb7 10. Be2 c5 11. O-O Rc8 12. b5 Qc7 13. d3 Rfe8 14. cxd5 exd5 15.
Rac1 d4 16. Nxd4 Nd5 17. Qd2 N5f6 18. Nf5 Ne5 19. e4 Re6 20. Qg5 Ne8 21. f4 Ng6
22. h4 f6 23. Qg4 Nd6 24. Nh6+ 1-0

[Event "Bad Woerishofen op"]
[Site "?"]
[Date "2003.??.??"]
[Round "1"]
[White "Kluger, Norbert"]
[Black "Seidel, Sandra"]
[Result "1/2-1/2"]
[WhiteElo "2198"]
[BlackElo "1814"]
[Annotator "ChessOrg"]
[PlyCount "40"]

1. e4 e6 2. d4 d5 3. Nc3 Bb4 4. e5 c5 5. a3 Bxc3+ 6. bxc3 Ne7 7. Nf3 Qa5 8. Bd2
Bd7 9. Bd3 c4 10. Be2 Nbc6 11. O-O O-O-O 12. Re1 f6 13. Bf1 Rdf8 14. Qc1 f5 15.
Qb2 h6 16. Red1 Be8 17. Be2 g5 18. Ne1 g4 19. Bf1 Rfg8 20. g3 h5 1/2-1/2

[Event "Bad Woerishofen op"]
[Site "?"]
[Date "2003.??.??"]
[Round "1"]
[White "Eichler, Gottfried"]
[Black "Mahrla, Hans"]
[Result "1/2-1/2"]
[WhiteElo "2112"]
[BlackElo "1479"]
[Annotator "ChessOrg"]
[PlyCount "74"]

1. c4 Nf6 2. Nc3 e6 3. g3 d5 4. cxd5 exd5 5. d4 Nc6 6. Bg2 Be7 7. Nf3 Ne4 8.
O-O O-O 9. Qb3 Nxc3 10. bxc3 Na5 11. Qc2 c6 12. Ne5 f6 13. Nd3 Bf5 14. f3 Re8
15. e4 Bg6 16. Nf4 Bf7 17. Re1 Nc4 18. Bf1 dxe4 19. fxe4 Bd6 20. Bd3 g6 21. Ng2
Qd7 22. Rf1 Kg7 23. Qf2 Qe7 24. Ne3 Nxe3 25. Bxe3 f5 26. Rae1 fxe4 27. Bxe4 Be6
28. Qd2 Qd7 29. Bg5 Be7 30. Bh6+ Kg8 31. Rf2 Bf8 32. Bg5 Be7 33. Bh6 Bf8 34.
Be3 Bg7 35. Bd3 Rf8 36. Bf4 Rae8 37. Rfe2 Bf7 1/2-1/2

[Event "Bad Woerishofen op"]
[Site "?"]
[Date "2003.??.??"]
[Round "1"]
[White "Wagner, Franz"]
[Black "Bjarnason, Oskar"]
[Result "0-1"]
[WhiteElo "1806"]
[BlackElo "2195"]
[Annotator "ChessOrg"]
[PlyCount "52"]

1. e4 d5 2. e5 c5 3. d4 Nc6 4. Bb5 Qb6 5. Bxc6+ bxc6 6. Ne2 e6 7. O-O Ba6 8.
dxc5 Bxc5 9. Nbc3 Qb8 10. Na4 Qxe5 11. Nxc5 Bxe2 12. Qe1 Qh5 13. Bf4 Ne7 14.
Qb4 Bxf1 15. Kxf1 O-O 16. Bd6 Rfe8 17. Na6 Nf5 18. Nc7 Rab8 19. Qc5 Nxd6 20.
Qxd6 Red8 21. Qf4 Rxb2 22. Re1 Qf5 23. Qh4 Rf8 24. g4 Qxc2 25. Re3 d4 26. Rh3
Qe4 0-1

[Event "Bad Woerishofen op"]
[Site "?"]
[Date "2003.??.??"]
[Round "1"]
[White "Beckmann, Klaus"]
[Black "Schiessl, Siegfried"]
[Result "1-0"]
[WhiteElo "2191"]
[BlackElo "1789"]
[Annotator "ChessOrg"]
[PlyCount "55"]

1. e4 c5 2. Nf3 a6 3. c3 d5 4. exd5 Qxd5 5. d4 Nf6 6. Be2 Nc6 7. c4 Qd6 8. dxc5
Qxd1+ 9. Bxd1 Bg4 10. Be3 e6 11. Nc3 Nb4 12. Ba4+ Nc6 13. Ne5 Rc8 14. f3 Bf5
15. g4 Bg6 16. h4 h6 17. O-O-O Be7 18. b4 O-O 19. Bxc6 bxc6 20. Na4 Rfd8 21.
Nb6 Rc7 22. Rxd8+ Bxd8 23. Rd1 Be7 24. Bf4 Rb7 25. Nxc6 Ne8 26. h5 Bh7 27.
Nxe7+ Rxe7 28. Nc8 1-0

[Event "Bad Woerishofen op"]
[Site "?"]
[Date "2003.??.??"]
[Round "1"]
[White "Wegemund, Hubert"]
[Black "Hornung, Hans"]
[Result "1/2-1/2"]
[WhiteElo "1790"]
[BlackElo "2189"]
[Annotator "ChessOrg"]
[PlyCount "67"]

1. e4 d6 2. d4 Nf6 3. Nc3 c6 4. Nf3 g6 5. h3 Bg7 6. a4 O-O 7. Be3 Nbd7 8. Be2
Qc7 9. Nd2 e5 10. dxe5 dxe5 11. Nc4 Rd8 12. Qd6 Qxd6 13. Nxd6 Nf8 14. O-O-O Ne8
15. Nxc8 Rdxc8 16. Bc4 Nc7 17. a5 Nce6 18. Bxe6 Nxe6 19. Rd7 Rcb8 20. Na4 Bf6
21. Nc5 Nxc5 22. Bxc5 b6 23. Be7 Bxe7 24. Rxe7 Re8 25. Rxe8+ Rxe8 26. axb6 axb6
27. Rd1 Re6 28. Rd7 b5 29. Kd2 Kf8 30. Kc3 Ke8 31. Rd3 Ke7 32. g4 g5 33. Kb4
Rd6 34. Rxd6 1/2-1/2

[Event "Bad Woerishofen op"]
[Site "?"]
[Date "2003.??.??"]
[Round "1"]
[White "Deues, Erik"]
[Black "Weber, Ludwig"]
[Result "1-0"]
[WhiteElo "2100"]
[BlackElo "1460"]
[Annotator "ChessOrg"]
[PlyCount "49"]

1. d4 Nf6 2. c4 e6 3. Nc3 c6 4. Nf3 Bb4 5. Qc2 d6 6. Bg5 Qa5 7. Bd2 Qd8 8. a3
Ba5 9. e4 Bc7 10. Rd1 e5 11. dxe5 dxe5 12. b4 h6 13. h3 Nbd7 14. Be2 Qe7 15.
O-O g5 16. Nh2 Nf8 17. Be3 Ng6 18. Bc5 Qe6 19. Bg4 Nxg4 20. Nxg4 b6 21. Nd5
cxd5 22. cxd5 Qxg4 23. hxg4 bxc5 24. Qxc5 Ba6 25. Qc6+ 1-0

[Event "Bad Woerishofen op"]
[Site "?"]
[Date "2003.??.??"]
[Round "1"]
[White "Dittlow, Holger"]
[Black "Dintheer, Willi"]
[Result "0-1"]
[WhiteElo "1430"]
[BlackElo "2098"]
[Annotator "ChessOrg"]
[PlyCount "22"]

1. d4 d5 2. c4 e5 3. dxe5 d4 4. e3 Bb4+ 5. Nd2 dxe3 6. Qa4+ Nc6 7. Ngf3 exd2+
8. Nxd2 Bd7 9. Qb3 Nd4 10. Qd1 Bf5 11. Be2 Bc2 0-1

[Event "Bad Woerishofen op"]
[Site "?"]
[Date "2003.??.??"]
[Round "1"]
[White "Glas, Stefan"]
[Black "Haeuser, Marco"]
[Result "1-0"]
[WhiteElo "2096"]
[BlackElo "1398"]
[Annotator "ChessOrg"]
[PlyCount "111"]

1. e4 d5 2. exd5 Nf6 3. d4 e6 4. dxe6 Bxe6 5. Nf3 Bd6 6. Be2 Nc6 7. Bg5 Be7 8.
O-O h6 9. Bh4 g5 10. Bg3 Ne4 11. c3 h5 12. Bd3 Bf5 13. Re1 Nxg3 14. hxg3 Qd7
15. Bxf5 Qxf5 16. Ne5 Nxe5 17. Rxe5 Qd7 18. Qe2 f6 19. Re4 Rh7 20. Nd2 O-O-O
21. Re1 Bd6 22. Nc4 h4 23. Nxd6+ Qxd6 24. gxh4 f5 25. Re8 Rxh4 26. Rxd8+ Qxd8
27. Qe6+ Kb8 28. Qe8 Rh8 29. Qxd8+ Rxd8 30. Re5 Rf8 31. g4 Kc8 32. Rxf5 Rxf5
33. gxf5 Kd8 34. Kg2 Ke8 35. Kg3 Kf7 36. Kg4 Kf6 37. c4 b6 38. b4 a6 39. a4 a5
40. bxa5 bxa5 41. c5 c6 42. f3 Kf7 43. Kxg5 Kg7 44. f6+ Kf7 45. Kf5 Kf8 46. Ke6
Ke8 47. f7+ Kf8 48. f4 Kg7 49. Ke7 Kg6 50. f8=Q Kh7 51. Qf7+ Kh8 52. Qh5+ Kg7
53. f5 Kg8 54. Qg5+ Kh7 55. Kf7 Kh8 56. Qg7# 1-0

[Event "Bad Woerishofen op"]
[Site "?"]
[Date "2003.??.??"]
[Round "1"]
[White "Mathes, Christian"]
[Black "Grosser, Walter"]
[Result "0-1"]
[WhiteElo "1317"]
[BlackElo "2096"]
[Annotator "ChessOrg"]
[PlyCount "90"]

1. d4 Nf6 2. c4 d6 3. Nc3 g6 4. g3 Bg7 5. Bg2 O-O 6. Nf3 c6 7. e4 Bg4 8. O-O
Qc8 9. Re1 e5 10. d5 c5 11. Be3 Na6 12. a3 Ne8 13. Qc2 Bxf3 14. Bxf3 f5 15.
Rab1 f4 16. gxf4 exf4 17. Bd2 Qh3 18. Qd1 Be5 19. Bg4 Qh4 20. Be6+ Kh8 21. Qg4
Qf6 22. Nd1 Ng7 23. Bd7 Rf7 24. Bc3 Nf5 25. Be6 Rg7 26. Qxf4 Rf8 27. Bxe5 dxe5
28. Qf3 Nd4 29. Qxf6 Rxf6 30. Re3 Nxe6 31. dxe6 Rxe6 32. Rd3 Rf7 33. Nc3 Ref6
34. Rf1 Kg7 35. Rd5 Re6 36. Rfd1 b6 37. Rd7 Ree7 38. Rxe7 Rxe7 39. Nd5 Rd7 40.
Kf1 Nc7 41. Ke2 Ne6 42. Ke3 Nd4 43. Rd2 Rf7 44. f4 exf4+ 45. Nxf4 g5 0-1

[Event "Bad Woerishofen op"]
[Site "?"]
[Date "2003.??.??"]
[Round "1"]
[White "Behl, Torsten"]
[Black "Kuhn, Hans"]
[Result "1-0"]
[WhiteElo "2094"]
[BlackElo "1311"]
[Annotator "ChessOrg"]
[PlyCount "87"]

1. e4 e5 2. d4 exd4 3. Qxd4 Nc6 4. Qe3 d6 5. Bd2 Nf6 6. Nc3 Be7 7. O-O-O a6 8.
h3 O-O 9. f4 b5 10. g4 b4 11. Nd5 Be6 12. Nxb4 Nxb4 13. Bxb4 a5 14. Bc3 a4 15.
g5 Ne8 16. a3 f5 17. Bd3 d5 18. exf5 Bxf5 19. Bxf5 Rxf5 20. Qe6+ Rf7 21. Rxd5
Bd6 22. Rf5 Qe7 23. Qxf7+ Qxf7 24. Rxf7 Kxf7 25. Ne2 g6 26. h4 Ng7 27. Bxg7
Kxg7 28. h5 Rf8 29. h6+ Kg8 30. Rf1 Bc5 31. Rf3 Re8 32. Kd2 Rd8+ 33. Rd3 Bd6
34. c4 c5 35. Ke3 Kf7 36. Kf3 Ke7 37. Nc3 Rf8 38. Re3+ Kd7 39. Re4 Rb8 40. Nxa4
Rb3+ 41. Re3 Rb8 42. b3 Be7 43. Nb2 Rf8 44. Ke4 1-0

[Event "Bad Woerishofen op"]
[Site "?"]
[Date "2003.??.??"]
[Round "1"]
[White "Breiter, Juergen"]
[Black "Guenther, Thomas"]
[Result "0-1"]
[WhiteElo "1308"]
[BlackElo "2090"]
[Annotator "ChessOrg"]
[PlyCount "60"]

1. e4 c5 2. Nf3 Nc6 3. d4 cxd4 4. Nxd4 Qb6 5. c3 d6 6. Be2 Nf6 7. Bf3 g6 8. O-O
Bg7 9. Nxc6 bxc6 10. a4 O-O 11. a5 Qc7 12. b4 Rb8 13. g3 Be6 14. Bg2 Nd7 15. f4
c5 16. f5 Bc4 17. Rf3 cxb4 18. Bd2 Nc5 19. Qe1 b3 20. Bf1 b2 21. Ra3 Bxf1 22.
Rxf1 Qc6 23. Rf4 Nd3 24. Qd1 Nxf4 25. Bxf4 Qxe4 26. fxg6 Qxg6 27. h4 Bh6 28. h5
Qf6 29. Bxh6 Qxh6 30. Qg4+ Kh8 0-1

[Event "Bad Woerishofen op"]
[Site "?"]
[Date "2003.??.??"]
[Round "1"]
[White "Holscher, Peter"]
[Black "Schaumann, Rudolf"]
[Result "1-0"]
[WhiteElo "2090"]
[BlackElo "1283"]
[Annotator "ChessOrg"]
[PlyCount "71"]

1. d4 d6 2. Nf3 g6 3. c4 Bg7 4. Nc3 Nf6 5. g3 Nbd7 6. Bg2 O-O 7. O-O c6 8. h3
h6 9. e4 e5 10. Be3 Qe7 11. Qd2 Kh7 12. Rfe1 Rd8 13. Rad1 Re8 14. g4 Ng8 15. d5
c5 16. a3 Ndf6 17. Nh2 a6 18. b4 b6 19. Rb1 Bd7 20. bxc5 bxc5 21. Rb7 Qf8 22.
Reb1 Reb8 23. Qb2 Rxb7 24. Qxb7 Qc8 25. Bd2 Bf8 26. f4 Be7 27. Nf3 exf4 28.
Bxf4 Qxb7 29. Rxb7 Bc8 30. Rb1 Ne8 31. e5 f5 32. g5 dxe5 33. Bxe5 hxg5 34. d6
Nxd6 35. Bxd6 Bxd6 36. Nxg5+ 1-0

[Event "Bad Woerishofen op"]
[Site "?"]
[Date "2003.??.??"]
[Round "1"]
[White "Lang, Ludwig"]
[Black "Donchenko, Anatoli"]
[Result "0-1"]
[WhiteElo "1101"]
[BlackElo "2463"]
[Annotator "ChessOrg"]
[PlyCount "60"]

1. e4 c5 2. Nf3 e6 3. d4 cxd4 4. Nxd4 Nf6 5. Nc3 d6 6. Be2 a6 7. O-O b5 8. b3
Bb7 9. Bf3 Nbd7 10. a4 b4 11. e5 Bxf3 12. Nxf3 dxe5 13. Na2 Qc7 14. Bd2 Rb8 15.
Rc1 e4 16. Ne1 Bd6 17. g3 O-O 18. c3 bxc3 19. Rxc3 Qb7 20. f3 Nd5 21. Rc4 e3
22. Bc1 Qxb3 23. Qxb3 Rxb3 24. Nc2 Ne5 25. Nd4 Rd3 26. Rc2 Rxd4 27. Kg2 Rxa4
28. f4 Nd3 29. Rc6 Rxa2+ 30. Kh3 e2 0-1

[Event "Bad Woerishofen op"]
[Site "?"]
[Date "2003.??.??"]
[Round "2"]
[White "Bjarnason, Oskar"]
[Black "Kengis, Edvins"]
[Result "0-1"]
[WhiteElo "2195"]
[BlackElo "2578"]
[Annotator "ChessOrg"]
[PlyCount "78"]

1. e4 c5 2. Nf3 e6 3. d4 cxd4 4. Nxd4 a6 5. Nc3 b5 6. Bd3 d6 7. f4 Bb7 8. Qf3
Nd7 9. g4 Qh4+ 10. Ke2 d5 11. e5 h5 12. gxh5 Ne7 13. Be3 Qxh5 14. Qxh5 Rxh5 15.
Kf2 g5 16. fxg5 Nxe5 17. Be2 Rh4 18. Raf1 N7c6 19. Nxc6 Bxc6 20. Kg3 Ng6 21.
Bf3 Bd6+ 22. Kg2 Rc4 23. Kf2 Nh4 24. Be2 d4 25. Bxc4 dxe3+ 26. Kxe3 Bxh1 27.
Nxb5 axb5 28. Bxb5+ Ke7 29. Rxh1 Rxa2 30. Rb1 Bxh2 31. Bd3 Nf5+ 32. Ke4 Ra5 33.
Kf3 Bc7 34. b4 Re5 35. b5 Re3+ 36. Kg4 Rg3+ 37. Kh5 Bf4 38. Bxf5 Rxg5+ 39. Kh4
Rxf5 0-1

[Event "Bad Woerishofen op"]
[Site "?"]
[Date "2003.??.??"]
[Round "2"]
[White "Georgiev, Vladimir"]
[Black "Beckmann, Klaus"]
[Result "1-0"]
[WhiteElo "2549"]
[BlackElo "2191"]
[Annotator "ChessOrg"]
[PlyCount "74"]

1. c4 e6 2. Nc3 Nf6 3. Nf3 d5 4. d4 Be7 5. Bg5 O-O 6. e3 h6 7. Bh4 Ne4 8. Bxe7
Qxe7 9. Rc1 Nxc3 10. Rxc3 c6 11. Bd3 Nd7 12. cxd5 exd5 13. O-O Rd8 14. Qc2 Nf8
15. Rb1 a5 16. a3 Bg4 17. Ne5 Bd7 18. b4 axb4 19. axb4 Be8 20. h3 f6 21. Nf3
Ne6 22. b5 cxb5 23. Bxb5 Bxb5 24. Rxb5 Ra1+ 25. Kh2 Qd6+ 26. g3 Qd7 27. Rb1
Rxb1 28. Qxb1 Re8 29. Rb3 Re7 30. h4 Nd8 31. Rb5 Qe6 32. Qb3 Rd7 33. Nd2 Qf7
34. Qb1 g5 35. Qf5 Rd6 36. Nb1 Qd7 37. Qxd7 Rxd7 1-0

[Event "Bad Woerishofen op"]
[Site "?"]
[Date "2003.??.??"]
[Round "2"]
[White "Schaefer, Michael"]
[Black "Rotstein, Arkadij"]
[Result "0-1"]
[WhiteElo "2186"]
[BlackElo "2544"]
[Annotator "ChessOrg"]
[PlyCount "62"]

1. d4 f5 2. g3 Nf6 3. Bg2 g6 4. c4 Bg7 5. Nc3 O-O 6. Nh3 Nc6 7. O-O d6 8. d5
Ne5 9. Qb3 Nfd7 10. Be3 Nc5 11. Bxc5 dxc5 12. Nf4 Qd6 13. Rad1 Qa6 14. d6 exd6
15. Nb5 Qa5 16. Qa3 Qxa3 17. bxa3 c6 18. Nxd6 b6 19. Nd3 Be6 20. Nf4 Bd7 21. a4
Rab8 22. Rd2 Rf6 23. Rfd1 Bf8 24. e4 Bxd6 25. Rxd6 Rxd6 26. Rxd6 fxe4 27. Bxe4
Re8 28. f3 Re7 29. Kf2 Nxc4 30. Nxg6 Nxd6 31. Nxe7+ Kf7 0-1

[Event "Bad Woerishofen op"]
[Site "?"]
[Date "2003.??.??"]
[Round "2"]
[White "Kveinys, Aloyzas"]
[Black "Sailer, Wolfgang"]
[Result "1-0"]
[WhiteElo "2541"]
[BlackElo "2182"]
[Annotator "ChessOrg"]
[PlyCount "67"]

1. e4 d5 2. exd5 Qxd5 3. Nc3 Qa5 4. d4 c6 5. Bc4 Bf5 6. Bd2 Nf6 7. Nd5 Qd8 8.
Nxf6+ gxf6 9. Nf3 e6 10. Bb3 Qc7 11. Nh4 Bg6 12. Qf3 Nd7 13. Qh3 Bg7 14. Nf3
O-O-O 15. O-O f5 16. Bh6 Bxh6 17. Qxh6 Nf6 18. Rfe1 Rhg8 19. Qh4 Nh5 20. Ne5 f4
21. c3 f3 22. g3 Ng7 23. Nxf3 Nf5 24. Qf6 c5 25. Rac1 Kb8 26. Bc2 cxd4 27. Bxf5
Bxf5 28. Nxd4 Rd5 29. c4 Rc5 30. b4 Rxc4 31. Rxc4 Qxc4 32. Qxf7 Rd8 33. Nxf5
Qc3 34. Qxe6 1-0

[Event "Bad Woerishofen op"]
[Site "?"]
[Date "2003.??.??"]
[Round "2"]
[White "Teske, Henrik"]
[Black "Fischer, Manfred"]
[Result "1-0"]
[WhiteElo "2531"]
[BlackElo "2180"]
[Annotator "ChessOrg"]
[PlyCount "35"]

1. d4 f5 2. g4 d5 3. gxf5 Bxf5 4. Bg2 e6 5. c4 Nc6 6. Nc3 Nb4 7. Kf1 c6 8. a3
Na6 9. Qb3 Rb8 10. cxd5 exd5 11. e4 dxe4 12. Nxe4 Bxe4 13. Bxe4 Qxd4 14. Bf4
Nc5 15. Bxc6+ bxc6 16. Qxb8+ Kf7 17. Nf3 Qd3+ 18. Kg2 1-0

[Event "Bad Woerishofen op"]
[Site "?"]
[Date "2003.??.??"]
[Round "2"]
[White "Daeubler, Heinrich"]
[Black "Miladinovic, Igor"]
[Result "0-1"]
[WhiteElo "2180"]
[BlackElo "2526"]
[Annotator "ChessOrg"]
[PlyCount "114"]

1. d4 d5 2. c4 Bf5 3. cxd5 Bxb1 4. Qa4+ c6 5. Rxb1 Qxd5 6. Nf3 Nd7 7. e3 Nb6 8.
Qb3 Qxb3 9. axb3 Nf6 10. Bd3 Nbd5 11. Ra1 e6 12. Ke2 Nd7 13. Bd2 Bd6 14. g3 f5
15. Ng5 Ke7 16. f3 Bb4 17. e4 Bxd2 18. Kxd2 fxe4 19. fxe4 Nb4 20. e5 h6 21. Ne4
c5 22. Bb5 cxd4 23. Bxd7 Kxd7 24. Nc5+ Ke7 25. Nxb7 Rhb8 26. Na5 Rf8 27. Rhf1
Rxf1 28. Rxf1 Rf8 29. Rxf8 Kxf8 30. Ke2 Ke7 31. Kf3 Kd7 32. Ke4 d3 33. Ke3 Kc7
34. Nc4 Kc6 35. Kd4 a6 36. Na5+ Kb5 37. Nc4 d2 38. Nxd2 Nc6+ 39. Kc3 Nxe5 40.
Nc4 Nf3 41. h4 Kc5 42. b4+ Kd5 43. Nb6+ Kc6 44. Na4 e5 45. Kc4 Nd2+ 46. Kd3 Nf1
47. g4 Kb5 48. Nc5 a5 49. bxa5 Kxc5 50. b4+ Kb5 51. Ke4 Nd2+ 52. Ke3 Nc4+ 53.
Ke4 Kc6 54. b5+ Kd6 55. a6 Ke6 56. g5 hxg5 57. hxg5 Nd6+ 0-1

[Event "Bad Woerishofen op"]
[Site "?"]
[Date "2003.??.??"]
[Round "2"]
[White "Levin, Felix"]
[Black "Santl, Anton"]
[Result "1-0"]
[WhiteElo "2523"]
[BlackElo "2180"]
[Annotator "ChessOrg"]
[PlyCount "85"]

1. d4 Nf6 2. c4 g6 3. Nc3 Bg7 4. e4 d6 5. Nf3 O-O 6. Be2 e5 7. Be3 Ng4 8. Bg5
f6 9. Bc1 Nc6 10. d5 Ne7 11. h3 Nh6 12. h4 Nf7 13. h5 g5 14. Qc2 c6 15. Be3
cxd5 16. cxd5 Bd7 17. g4 b5 18. Nd2 Qc7 19. a3 a5 20. Qb3 Rfb8 21. Nxb5 Bxb5
22. Bxb5 a4 23. Qd3 Qb7 24. Bc4 Qd7 25. f3 Rxb2 26. O-O Nh6 27. Kf2 Rab8 28.
Rab1 Bf8 29. Rxb2 Rxb2 30. Qc3 Rb8 31. Be2 Nc8 32. Qc6 Qd8 33. Qxa4 Qc7 34. Nc4
Nf7 35. Qc6 Qxc6 36. dxc6 Be7 37. a4 Bd8 38. a5 Ne7 39. a6 Nxc6 40. Ra1 Nd4 41.
a7 Ra8 42. Ra6 Bc7 43. Na3 1-0

[Event "Bad Woerishofen op"]
[Site "?"]
[Date "2003.??.??"]
[Round "2"]
[White "Baeuml, Ulrich"]
[Black "Handke, Florian"]
[Result "0-1"]
[WhiteElo "2176"]
[BlackElo "2516"]
[Annotator "ChessOrg"]
[PlyCount "66"]

1. d4 Nf6 2. Nf3 e6 3. e3 b6 4. Bd3 Bb7 5. Nbd2 c5 6. c4 g6 7. O-O Bg7 8. b3
O-O 9. Bb2 d6 10. Qc2 Nbd7 11. Ne4 Nxe4 12. Bxe4 d5 13. cxd5 exd5 14. Bd3 Qf6
15. Rac1 Rac8 16. Qe2 Rc7 17. Rc2 Qe6 18. Rfc1 Rfc8 19. Ba3 Bf8 20. Bb2 Bg7 21.
Ba3 Bf8 22. Bb2 Bd6 23. Ng5 Qe7 24. Qg4 h5 25. Qh4 Nf8 26. dxc5 bxc5 27. g4 Ne6
28. f4 Nxg5 29. Qxg5 Qxe3+ 30. Rf2 Qxd3 31. Qf6 d4 32. Qxd6 Qe4 33. Kf1 Re8 0-1

[Event "Bad Woerishofen op"]
[Site "?"]
[Date "2003.??.??"]
[Round "2"]
[White "Wittfoth, Kai-Uwe"]
[Black "Gutman, Lev"]
[Result "0-1"]
[WhiteElo "2175"]
[BlackElo "2495"]
[Annotator "ChessOrg"]
[PlyCount "76"]

1. d4 Nf6 2. Nf3 g6 3. g3 d5 4. Bg2 c6 5. O-O Bg7 6. Bf4 Qb6 7. Qc1 Bg4 8. Nbd2
O-O 9. c3 Nbd7 10. h3 Bxf3 11. Bxf3 c5 12. dxc5 Nxc5 13. Qc2 Rac8 14. Nb3 Nce4
15. Rad1 e6 16. Kg2 a5 17. Be5 a4 18. Nd2 a3 19. bxa3 Nxd2 20. Rxd2 Nd7 21.
Bxg7 Kxg7 22. Rb1 Qa5 23. Rxb7 Rxc3 24. Qb2 Nf6 25. Rb3 Rfc8 26. e3 R8c5 27.
Bd1 Rc1 28. Rb4 Qc7 29. a4 R5c3 30. Kh2 Rxd1 31. Rxd1 Rc2 32. Rb7 Qc4 33. Rd4
Rxb2 34. Rxb2 Qa6 35. Rdb4 Ne4 36. Kg2 Nc5 37. Rc2 Nd3 38. Rb3 Ne1+ 0-1

[Event "Bad Woerishofen op"]
[Site "?"]
[Date "2003.??.??"]
[Round "2"]
[White "Kuprejchik, Victor"]
[Black "Ashton, Adam"]
[Result "1-0"]
[WhiteElo "2490"]
[BlackElo "2175"]
[Annotator "ChessOrg"]
[PlyCount "57"]

1. e4 e5 2. Nf3 Nc6 3. Bb5 a6 4. Ba4 Nf6 5. O-O Be7 6. Re1 b5 7. Bb3 O-O 8. a4
Bb7 9. d3 d6 10. c3 Re8 11. Na3 Qd7 12. Bg5 Nd8 13. axb5 axb5 14. Nxb5 Rxa1 15.
Qxa1 Qxb5 16. Ba4 Qxd3 17. Bxe8 Bxe4 18. Re3 Qd5 19. Qa4 Bg6 20. Bb5 h6 21. Bc4
Qb7 22. Bxf6 Bxf6 23. Qb5 Qa8 24. Re1 Be4 25. Qe8+ Kh7 26. Qd7 d5 27. Nd2 Bxg2
28. Bd3+ e4 29. Kxg2 1-0